Statistics for Countries with English as their official language

Click here to take the quiz!

General Stats

  • This quiz has been taken 40 times
  • The average score is 39 of 54

Answer Stats

Answer% Correct
United Kingdom
100%
United States Of America
97%
Canada
94%
Ireland
91%
Jamaica
88%
South Africa
88%
Australia
85%
Fiji
85%
India
85%
New Zealand
85%
Saint Kitts and Nevis
85%
Bahamas
82%
Belize
82%
Dominica
82%
Tonga
82%
Tuvalu
82%
Zimbabwe
82%
Antigua and Barbuda
79%
Grenada
79%
Samoa
79%
Solomon Islands
79%
Barbados
76%
Nauru
76%
Saint Vincent and the Grenadines
76%
Singapore
76%
Vanuatu
76%
Botswana
73%
Guyana
73%
Marshall Islands
73%
Palau
73%
Saint Lucia
73%
Tanzania
73%
Zambia
73%
Kenya
70%
Kiribati
70%
Micronesia
70%
Philippines
70%
Lesotho
67%
Liberia
67%
Pakistan
67%
Papua New Guinea
64%
Gambia
61%
Malta
61%
Namibia
61%
Nigeria
61%
South Sudan
61%
Eswatini
58%
Seychelles
58%
Sudan
58%
Sierra leone
55%
Burundi
52%
Cameroon
45%
Malawi
45%
Trinidad and Tobago
24%

Score Distribution

Percentile by Number Answered

Percent of People with Each Score

Your Score History

You have not taken this quiz